| 000 | 00810cam a2200241 a 4500 | ||
|---|---|---|---|
| 999 |
_c834 _d834 |
||
| 001 | 466 | ||
| 003 | BD-DhUAP | ||
| 005 | 20200128125844.0 | ||
| 008 | 200128s1997 ii ab b 001 0 eng | ||
| 020 | _a9840514032 | ||
| 040 |
_aDLC _cBD-DhUAP _bEng _dBD-DhUAP |
||
| 082 | 0 | 0 |
_a954.035092 ABU _223 |
| 100 | 0 | _aAbul Kalam | |
| 245 | 1 | 0 |
_aSubhas Bose : _bstrategic concepts and diplomatic thought / _cAbul Kalam. |
| 260 |
_aDhaka : _bThe University Press Ltd., _cc1997. |
||
| 300 |
_axviii, 160 pages : _billustrations ; _c22 cm. |
||
| 504 | _aIncludes bibliographical references and index. | ||
| 650 |
_aBose, Subhas Chandra _y 1897-1945. |
||
| 651 | 0 |
_aIndia _xPolitics and government _y1919-1947. |
|
| 906 |
_a7 _bcbc _corigode _d3 _encip _f19 _gy-gencatlg |
||
| 942 |
_2ddc _cBK |
||